Súvislosti reálnej a sociálnej konvergencie v krajinách strednej a východnej Európy diplomová práca

Na minha lista:
Detalhes bibliográficos
Autor principal: Pristáč, Branislav
Autor Corporativo: Národohospodárska fakulta EU. Katedra hospodárskej politiky
Outros Autores: Morvay, Karol, 1973-
Formato: Livro
Idioma:eslovaco
Publicado em: Bratislava 2016
Tags: Adicionar Tag
Sem tags, seja o primeiro a adicionar uma tag!

MARC

LEADER 00000nbm a2200000 4500
001 0217833
005 20170201142948.4
041 0 |a slo 
044 |a SK 
245 1 0 |a Súvislosti reálnej a sociálnej konvergencie v krajinách strednej a východnej Európy  |b diplomová práca  |c Branislav Pristáč ; školiteľ: Karol Morvay 
264 1 |a Bratislava  |c 2016 
300 |a 64 s. 
100 1 |a Pristáč, Branislav 
700 1 |a Morvay, Karol, 1973- 
710 2 |a Národohospodárska fakulta EU. Katedra hospodárskej politiky